Asistencia social : (Registro nro. 6269)
[ vista simple ]
| 000 -CABECERA | |
|---|---|
| campo de control de longitud fija | 00781nam a2200205 a 4500 |
| 001 - NÚMERO DE CONTROL | |
| campo de control | 000006478 |
| 005 - FECHA Y HORA DE LA ÚLTIMA TRANSACCIÓN | |
| campo de control | 20200929153932.0 |
| 008 - DATOS DE LONGITUD FIJA--INFORMACIÓN GENERAL | |
| campo de control de longitud fija | 090831s1947 dr 000 0 spa d |
| 040 ## - FUENTE DE LA CATALOGACIÓN | |
| Centro catalogador/agencia de origen | DO-SdBNP |
| Lengua de catalogación | spa |
| Centro/agencia transcriptor | BNPHU |
| 082 ## - NÚMERO DE LA CLASIFICACIÓN DECIMAL DEWEY | |
| Número de clasificación | 361.3 |
| Número de documento/Ítem | H519a |
| 100 1# - ENTRADA PRINCIPAL--NOMBRE DE PERSONA | |
| Nombre de persona | Henríquez A. , Carmen Adolfina |
| 9 (RLIN) | 17945 |
| 245 10 - MENCIÓN DE TÍTULO | |
| Título | Asistencia social : |
| Resto del título | doce lecciones para un cursillo de capacitación de auxiliares del servicio social / |
| Mención de responsabilidad, etc. | Carmen Adolfina Henríquez A. |
| 260 ## - PUBLICACIÓN, DISTRIBUCIÓN, ETC. | |
| Lugar de publicación, distribución, etc. | Cuidad Trujillo, República Dominicana : |
| Nombre del editor, distribuidor, etc. | [s.n.], |
| Fecha de publicación, distribución, etc. | 1947. |
| 300 ## - DESCRIPCIÓN FÍSICA | |
| Extensión | 110 p. ; |
| Dimensiones | 23 cm. |
| 504 ## - NOTA DE BIBLIOGRAFÍA, ETC. | |
| Nota de bibliografía, etc. | Bibliografía: p. 107 |
| 590 ## - NOTA LOCAL (RLIN) | |
| Nota local | Inventariado, 2019 / DG |
| 650 #4 - PUNTO DE ACCESO ADICIONAL DE MATERIA--TÉRMINO DE MATERIA | |
| Término de materia o nombre geográfico como elemento de entrada | Asistencia social |
| Subdivisión general | Enseñanza |
| 9 (RLIN) | 17946 |
| 650 #4 - PUNTO DE ACCESO ADICIONAL DE MATERIA--TÉRMINO DE MATERIA | |
| Término de materia o nombre geográfico como elemento de entrada | Asistencia social |
| Subdivisión geográfica | República Dominicana |
| 9 (RLIN) | 17947 |
| 910 ## - DATOS DE OPCIÓN DEL USUARIO (OCLC) | |
| Datos de opción del usuario | Validado. Control de calidad MFF |
| Estado de retiro | Estado de pérdida | Restricciones de uso | No para préstamo | Código de colección | Localización permanente | Ubicación/localización actual | Ubicación en estantería | Fecha de adquisición | Número de inventario | Total de préstamos | Signatura topográfica completa | Código de barras | Fecha visto por última vez | Número de copia | Precio válido a partir de | Tipo de ítem Koha |
|---|---|---|---|---|---|---|---|---|---|---|---|---|---|---|---|---|
| Raros y valiosos | General | General | Depósito | 31.08.2009 | LF1 | 361.3 H519a | 6478-30 | 25.06.2020 | e. 5 | 25.06.2020 | Préstamo en sala | |||||
| Raros y valiosos | General | General | Depósito | 31.08.2009 | LF1 | 361.3 H519a | 6478-40 | 25.06.2020 | e. 4 | 25.06.2020 | Préstamo en sala | |||||
| Raros y valiosos | General | General | Depósito | 31.08.2009 | LF1 | 361.3 H519a | 6478-50 | 25.06.2020 | e. 3 | 25.06.2020 | Préstamo en sala | |||||
| Excluido de préstamo | Raros y valiosos | Patrimonio Dominicano | Patrimonio Dominicano | Depósito | 31.08.2009 | LF1 | 361.3 H519a | 6478-10 | 25.06.2020 | 25.06.2020 | No se presta | |||||
| Excluido de préstamo | Raros y valiosos | Patrimonio Dominicano | Patrimonio Dominicano | Depósito | 31.08.2009 | LF1 | 361.3 H519a | 6478-20 | 25.06.2020 | e. 2 | 25.06.2020 | No se presta |
